000 00286nam a22001337a 4500
008 211012b ||||| |||| 00| 0 eng d
041 _aeng
080 _27th
_a510
082 _a510
100 _a36
101 _aMAT
245 _aRefresher Mathematics
_cStein,E.I
942 _2udc
_cBK
999 _c58189
_d58189